000 00537nam a2200205Ia 4500
003 GCL
008 140319s9999 xx 000 0 eng d
040 _aGCL /
_cGCL
082 0 4 _a738.2
_bA P
100 1 _aPORCELAIN
245 1 0 _aPAINTING ON PORCELAIN IN THE ORIENTAL STYLE /
_cPORCELAIN
700 1 _aALEXIEV-KARANDJOULOV, DONY
260 _a[S.N] :
_bSTUDIO VISTA ،
_c1994
300 _a190
650 0 4 _aPAINTING - PORCELAIN
650 0 4 _aPORCELAIN
650 0 4 _aCHINESE ARTS
650 0 4 _aISLAM - ARTS
942 _2ddc
_cBK
999 _c24135
_d24135